| 000 | 00418nam a2200145Ia 4500 | ||
|---|---|---|---|
| 008 | 150201s2007 xx 000 0 und d | ||
| 082 |
_a617.6027 _bC2007B |
||
| 100 | _aBRUNETTE | ||
| 245 | _aCRITICAL THINKING : UNDERSTANDING & EVALUATING DENTAL RESEARCH | ||
| 250 | _a1ST | ||
| 260 |
_bQUINTESSENCE PUBLICATION _aCHICAGO _c2007 |
||
| 300 | _a1-312 | ||
| 650 | _aCONSERVATIVE DENTISTRY & ENDODONTICS | ||
| 942 |
_2ddc _cBK |
||
| 999 |
_c4409 _d4409 |
||